03122nam a2200361 a 4500003000900000005001700009007000300026008004100029020001800070040002500088082001400113111012200127245006300249264008000312300006000392336002700452337003300479338002800512500005200540500005300592505111200645586031101757590002702068650005102095650005402146650005702200710004502257942001402302952013902316952014402455952014402599999001702743DO-SdBNP20240517083956.0ta221118e2012 dr ao||gr|||| 001 0dspa d a9789945882049 aDO-SdBNPbspacBNPHU 4222bV427c aConcurso de Arte Eduardo León Jiménezn(XXIV:d2012:cSanitago de los Caballeros, República Dominicana.)98549300aVeinticuatro:bconcurso de arte Eduardo León Jiménez.  1aSanitago de los Caballeros, República Dominicana :bCentro León,c2012. a135 páginas :bilustraciones, fotografías ;c30 cm. 2rdacontentatextobtxt 2rdamediaasin mediaciónbn 2rdacarrieravolumenbnc aIncluye Catálogo de Obras páginas 130 -133. aIncluye biografía del jurado páginas 36 -37. tLa innovación como principio. / rRafael Emilio Yunén, Director General Centro León.-- tCuando la Constancia y el profesionalismo se dan las manos. / rJosé M. Fernández Pequeño, Gerente de Programas Culturales Centro León.-- tLas potencialidades del arte dominicano contemporáneo. / rKarenia Guillarón, Coordinadora de Artes Visuales Centro León. Sara Hermann, Asesora de Artes Visuales Centro León.-- t Opiniones sobre la exposición.-- gJurados: tXXIV Concurso de Arte Eduardo León Jiménez.-- gLaudo de selección: tXXIV Concurso de Arte Eduardo León Jiménez.-- g Artistas seleccionados y Obras:t Soraya Abu Naba´a,.--tYoel Bordas.--tCarlos de León.--tOPilibio Díaz.--tEvelyn Espaillat.--tMarie Jiménez.--tHulda Guzmán.--tSayuri Guzmán.--tCitally Miranda.--tJochi Muñoz.--tRaquel Paiewonsky.--tDavid Pérez, Karmadavis.--tJosé Pión.--tFrancisco (Pancho) Rodríguez.--tJuan Zapata.--gLaudo de Premiación:tXXIV Concurso de Arte Eduardo León Jiménez.--tCatálogo de Obras.  aPREMIO IGUALITARIO A: Hulda Guzmán (1984).-- Carlos de León, (1988).-- Raquel Paiewonski (1969).-- PREMIO COLECCIÓN PATRICIA PHELPS DE CISNEROS: Yoel Bardas, (1980).-- PREMIO FRANCÉS AL TALENTO JOVEN: Francisco (Pancho) Rodríguez, (1979).-- PREMIO CIUDAD DE CÁDIZ: Sayuri Guamán, (1976).  aInventariado 2024 / MF 4981690aArtevConcursoszRepública Dominicana 4973687aPinturaxConcursoszRepública Dominicana 976641aArtistas plásticos zRepública Dominicana2 aCervecería Nacional Dominicana.982852 2ddccLBS1 00102ddc51708PDaBNPHUbBNPHUcCTd2022-12-16eDepósito legal / Centro Leónl0oV427cp2022-5502r2022-11-18w2022-11-18yLBS1 00102ddc51708PDaBNPHUbBNPHUcCTd2022-12-16eDepósito legal / Centro Leónl0oV427cp2022-5503r2022-11-18te.2w2022-11-18yLBS1 00102ddc56708DSaBNPHUbBNPHUcCTd2022-12-16eDepósito legal / Centro Leónl0oV427cp2022-5504r2022-11-18te.3w2022-11-18yLBS1 c52971d52971